[Event "Wch U20 Girls"]
[Site "Gaziantep"]
[Date "2008.08.11"]
[Round "9"]
[White "Jeremias, Bianca"]
[Black "Kaya, Sena Nur"]
[Result "1/2-1/2"]
[WhiteElo "1990"]
[BlackElo "1529"]
[PlyCount "66"]
[EventDate "2008.08.03"]
[EventType "swiss"]
[EventRounds "13"]
[EventCountry "TUR"]
[SourceTitle "CBM 125 Extra"]
[Source "ChessBase"]
[SourceDate "2008.09.01"]
[SourceVersion "1"]
[SourceVersionDate "2008.09.01"]
[SourceQuality "1"]

1. e4 c5 2. Nf3 e6 3. b3 d6 4. Bb2 Nc6 5. d4 cxd4 6. Nxd4 Bd7 7. c4 a6 8. Nc3 Nf6 9. Be2 Be7 10. 0-0 0-0 11. Kh1 Qc7 12. Nc2 Ne8 13. f4 g6 14. Qe1 Ng7 15. Ne3 Nd4 16. Ncd5 exd5 17. Nxd5 Qd8 18. Bxd4 Bc6 19. f5 Bxd5 20. cxd5 gxf5 21. Bxg7 Kxg7 22. Rxf5 Bf6 23. Qg3+ Kh8 24. Raf1 Be5 25. Qh3 f6 26. Rh5 Qe7 27. Rff5 Rac8 28. g3 Rc1+ 29. Kg2 Rf7 30. Bd3 Rd1 31. g4 Bd4 32. Qf3 Rd2+ 33. Kh3 Be5 1/2-1/2

[Event "Wch U20 Girls"]
[Site "Gaziantep"]
[Date "2008.08.04"]
[Round "3"]
[White "Efroimski, Marsel"]
[Black "Kaya, Sena Nur"]
[Result "1/2-1/2"]
[WhiteElo "2091"]
[BlackElo "1529"]
[PlyCount "48"]
[EventDate "2008.08.03"]
[EventType "swiss"]
[EventRounds "13"]
[EventCountry "TUR"]
[SourceTitle "CBM 125 Extra"]
[Source "ChessBase"]
[SourceDate "2008.09.01"]
[SourceVersion "1"]
[SourceVersionDate "2008.09.01"]
[SourceQuality "1"]

1. e4 c5 2. Nf3 Nc6 3. d4 cxd4 4. Nxd4 Nf6 5. Nc3 d6 6. f3 g6 7. Be3 Bg7 8. Qd2 Bd7 9. g4 Rc8 10. h4 Qa5 11. h5 Ne5 12. h6 Bf8 13. 0-0-0 a6 14. Bg5 Ng8 15. Kb1 f6 16. Be3 g5 17. Nb3 Qd8 18. Nd5 Nxf3 19. Qf2 Bxg4 20. Be2 Ne5 21. Bd4 Be6 22. Bxe5 Bxd5 23. exd5 fxe5 24. Bh5+ Kd7 1/2-1/2

[Event "Wch U20 Girls"]
[Site "Gaziantep"]
[Date "2008.08.03"]
[Round "1"]
[White "Isgandarova, Khayala Ilqar Qizi"]
[Black "Kaya, Sena Nur"]
[Result "1-0"]
[WhiteElo "2207"]
[BlackElo "1529"]
[PlyCount "55"]
[EventDate "2008.08.03"]
[EventType "swiss"]
[EventRounds "13"]
[EventCountry "TUR"]
[SourceTitle "CBM 125 Extra"]
[Source "ChessBase"]
[SourceDate "2008.09.01"]
[SourceVersion "1"]
[SourceVersionDate "2008.09.01"]
[SourceQuality "1"]

1. e4 c5 2. Nf3 Nc6 3. Bb5 d6 4. Bxc6+ bxc6 5. 0-0 e5 6. Re1 Nf6 7. c3 Bg4 8. Na3 Be7 9. h3 Bxf3 10. Qxf3 0-0 11. Nc4 Nd7 12. d3 Nb6 13. Ne3 Rb8 14. Nf5 Bf6 15. Qg4 Kh8 16. f4 Nd7 17. Nxd6 exf4 18. Bxf4 Rxb2 19. Nc4 Rc2 20. e5 Bh4 21. g3 Be7 22. Rad1 Rxc3 23. Qe2 Nxe5 24. Nxe5 Qd4+ 25. Kh2 Bf6 26. Qe4 Rc2+ 27. Rd2 Rxd2+ 28. Bxd2 1-0

[Event "Wch U16 Girls"]
[Site "Kemer"]
[Date "2007.11.21"]
[Round "4"]
[White "Parmar, Amisha"]
[Black "Kaya, Sena Nur"]
[Result "1-0"]
[WhiteElo "2007"]
[BlackElo "1520"]
[PlyCount "52"]
[EventDate "2007.11.18"]
[EventType "swiss"]
[EventRounds "11"]
[EventCountry "TUR"]
[SourceTitle "CBM 121 Extra"]
[Source "ChessBase"]
[SourceDate "2008.01.10"]
[SourceVersion "1"]
[SourceVersionDate "2008.01.10"]
[SourceQuality "1"]

1. e4 c5 2. Nf3 d6 3. Bb5+ Bd7 4. Bxd7+ Nxd7 5. 0-0 Ngf6 6. Qe2 e6 7. b3 Be7 8. Bb2 0-0 9. c4 Ng4 10. d4 cxd4 11. Nxd4 Nge5 12. f4 Nc6 13. Nxc6 bxc6 14. Nd2 Qc7 15. Rae1 a5 16. Rf3 Bh4 17. Rd1 Bf6 18. Bxf6 Nxf6 19. Rh3 g6 20. e5 Nh5 21. Ne4 dxe5 22. Rxh5 f5 23. Rg5 fxe4 24. Rxe5 Rxf4 25. Rxe4 Qb6+ 26. Kh1 Rf2 1-0

[Event "Wch U16 Girls"]
[Site "Kemer"]
[Date "2007.11.18"]
[Round "1"]
[White "Kaya, Sena Nur"]
[Black "Ivanenko, Olga A"]
[Result "1/2-1/2"]
[WhiteElo "1520"]
[BlackElo "2125"]
[PlyCount "60"]
[EventDate "2007.11.18"]
[EventType "swiss"]
[EventRounds "11"]
[EventCountry "TUR"]
[SourceTitle "CBM 121 Extra"]
[Source "ChessBase"]
[SourceDate "2008.01.10"]
[SourceVersion "1"]
[SourceVersionDate "2008.01.10"]
[SourceQuality "1"]

1. e4 c5 2. Nf3 e6 3. d4 cxd4 4. Nxd4 a6 5. Nc3 Qc7 6. Bd3 Nf6 7. 0-0 Bc5 8. Nde2 d6 9. Ng3 Nbd7 10. Kh1 h5 11. h4 Ng4 12. Qe2 Nde5 13. Bf4 Ng6 14. Bd2 Qe7 15. Bg5 f6 16. Bd2 Nxh4 17. f3 Ne5 18. Be3 Bxe3 19. Qxe3 Nhg6 20. Kg1 h4 21. Nge2 Bd7 22. Rad1 Bc6 23. Nd4 Rd8 24. Be2 Ra8 25. f4 Nf7 26. f5 exf5 27. Nxf5 Qf8 28. Qd4 Rd8 29. b4 Nge5 30. b5 g6 1/2-1/2